LIBRARY ONLINE CATALOGUE

Redemption story (Record no. 19287)

MARC details
000 -LEADER
fixed length control field 00421nam a22001697a 4500
008 - FIXED-LENGTH DATA ELEMENTS--GENERAL INFORMATION
fixed length control field 220317b |||||||| |||| 00| 0 eng d
020 ## - INTERNATIONAL STANDARD BOOK NUMBER
International Standard Book Number 1491059203
050 ## - LIBRARY OF CONGRESS CALL NUMBER
Classification number HV9468
Item number .P66
100 ## - MAIN ENTRY--PERSONAL NAME
Personal name Pommells, Paul
245 ## - TITLE STATEMENT
Title Redemption story
Statement of responsibility, etc. Paul Pommells
300 ## - PHYSICAL DESCRIPTION
Extent 192p.
650 ## - SUBJECT ADDED ENTRY--TOPICAL TERM
Topical term or geographic name as entry element Prisoners
Geographic subdivision California
650 ## - SUBJECT ADDED ENTRY--TOPICAL TERM
Topical term or geographic name as entry element Criminals
Geographic subdivision USA
650 ## - SUBJECT ADDED ENTRY--TOPICAL TERM
Topical term or geographic name as entry element Criminal Justice
650 ## - SUBJECT ADDED ENTRY--TOPICAL TERM
Form subdivision Redemption
942 ## - ADDED ENTRY ELEMENTS (KOHA)
Source of classification or shelving scheme Library of Congress Classification
Koha item type General Collection
Holdings
Withdrawn status Lost status Source of classification or shelving scheme Not for loan Home library Current library Date acquired Cost, normal purchase price Total Checkouts Full call number Barcode Date last seen Date last checked out Price effective from Koha item type
    Library of Congress Classification   Kabarak, Main Campus Kabarak, Main Campus 17/03/2022 2172.00 3 HV9468 .P66 c.1 028687 09/12/2022 29/11/2022 17/03/2022 General Collection
    Library of Congress Classification   Kabarak, Main Campus Kabarak, Main Campus 17/03/2022 2172.00   HV9468 .P66 c.2 028688 17/03/2022   17/03/2022 General Collection
    Library of Congress Classification   Kabarak, Main Campus Kabarak, Main Campus 17/03/2022 2172.00   HV9468 .P66 c.3 028689 17/03/2022   17/03/2022 General Collection